[Event "MCR mladeze 2014, H10"]
[Site "Kouty nad Desnou"]
[Date "2014.03.14"]
[Round "8"]
[White "Nytra, Ondrej"]
[Black "Skypala, Ondrej"]
[Result "1/2-1/2"]
[WhiteElo "1448"]
[BlackElo "1482"]
[PlyCount "29"]
[EventDate "2014.??.??"]

1. e4 c5 2. Nc3 e6 3. g3 Nc6 4. Bg2 Bd6 5. d3 Nge7 6. f4 O-O 7. Nf3 f6 8. O-O
f5 9. e5 Bc7 10. Nh4 g6 11. g4 a6 12. Bh3 fxg4 13. Qxg4 Nd4 14. Ne4 Ndf5 15.
Nf6+ 1/2-1/2

[Event "MCR mladeze 2014, H10"]
[Site "Kouty nad Desnou"]
[Date "2014.03.14"]
[Round "8"]
[White "Vojta, Jakub"]
[Black "Neumann, Filip"]
[Result "0-1"]
[WhiteElo "1328"]
[BlackElo "1333"]
[PlyCount "80"]
[EventDate "2014.??.??"]

1. c4 c5 2. Nc3 Nc6 3. g3 Nf6 4. Bg2 e5 5. d3 Be7 6. Nf3 d6 7. O-O Be6 8. Qb3
Qd7 9. Bd2 O-O 10. Qc2 Rac8 11. Rfb1 Rfd8 12. e4 h6 13. a3 Nh7 14. b4 f5 15.
Bf1 fxe4 16. dxe4 Bg4 17. Bg2 Bxf3 18. Bxf3 Nd4 19. Qd3 Nxf3+ 20. Qxf3 Rf8 21.
Qe2 b6 22. Be3 Bg5 23. b5 Qf7 24. Kg2 Bxe3 25. fxe3 Ng5 26. Rf1 Qe6 27. g4 Qg6
28. Qd3 Rfd8 29. h4 Nh7 30. Qe2 Nf6 31. Rxf6 Qxf6 32. Kg3 Re8 33. Rf1 Qe6 34.
Qd3 Rf8 35. Rf5 g6 36. Rf3 Rxf3+ 37. Kxf3 Rf8+ 38. Kg3 Qf6 39. Qe2 Qf1 40. Qxf1
Rxf1 0-1

[Event "MCR mladeze 2014, H10"]
[Site "Kouty nad Desnou"]
[Date "2014.03.14"]
[Round "8"]
[White "Tajovsky, Matej"]
[Black "Pribyl, Viktor"]
[Result "1-0"]
[WhiteElo "1447"]
[BlackElo "1482"]
[PlyCount "69"]
[EventDate "2014.??.??"]

1. e4 c5 2. Nc3 d6 3. g3 g6 4. Bg2 Bg7 5. f4 Nc6 6. Nf3 e6 7. d3 Nge7 8. O-O
O-O 9. Be3 a6 10. Qd2 Qc7 11. Rae1 b6 12. h3 f5 13. Kh1 Bb7 14. Ng5 Nd8 15.
exf5 exf5 16. d4 h6 17. Nf3 Ndc6 18. a3 Rad8 19. d5 Na5 20. Qd3 Bxc3 21. Qxc3
Nxd5 22. Qd3 Nxe3 23. Rxe3 Rfe8 24. Rfe1 Rxe3 25. Rxe3 Nc6 26. g4 Ne7 27. Qe2
Rd7 28. g5 Bxf3 29. Bxf3 h5 30. Re6 Kf7 31. Rf6+ Kg7 32. Qe6 Qd8 33. Rf7+ Kh8
34. Qf6+ Kg8 35. Qg7# 1-0

[Event "MCR mladeze 2014, H10"]
[Site "Kouty nad Desnou"]
[Date "2014.03.14"]
[Round "8"]
[White "Jun, Rudolf"]
[Black "Faja, Vilem"]
[Result "1-0"]
[WhiteElo "1311"]
[BlackElo "1382"]
[PlyCount "53"]
[EventDate "2014.??.??"]

1. e4 e5 2. d4 exd4 3. c3 dxc3 4. Bc4 cxb2 5. Bxb2 Bb4+ 6. Nd2 Nc6 7. Bxg7 Qg5
8. Bxh8 Qxg2 9. Bxf7+ Kf8 10. Qf3 Bxd2+ 11. Kxd2 Qxf3 12. Nxf3 Kxf7 13. Rhg1 d6
14. Ng5+ Ke8 15. Nxh7 Kf7 16. Rg7+ Ke6 17. Ng5+ Kf6 18. Rxg8+ Ke7 19. Re1 Na5
20. e5 Nc4+ 21. Kc3 b5 22. exd6+ Kxd6 23. Rd8+ Kc6 24. Re6+ Kb7 25. Re1 b4+ 26.
Kxc4 Be6+ 27. Nxe6 1-0

[Event "MCR mladeze 2014, H10"]
[Site "Kouty nad Desnou"]
[Date "2014.03.14"]
[Round "8"]
[White "Sebesta, Jan"]
[Black "Hosnedl, Matyas"]
[Result "1-0"]
[WhiteElo "1417"]
[BlackElo "1343"]
[PlyCount "163"]
[EventDate "2014.??.??"]

1. e4 c5 2. c3 e6 3. d4 d5 4. e5 Nc6 5. Nf3 Qb6 6. Bd3 cxd4 7. cxd4 Bd7 8. Be2
Nge7 9. Na3 Nf5 10. Nc2 Be7 11. O-O O-O 12. b3 Rac8 13. Bb2 Nb4 14. Nxb4 Bxb4
15. Rc1 Rc6 16. Rxc6 Qxc6 17. Qc1 Qb6 18. Qb1 Bb5 19. Bxb5 Qxb5 20. Qc2 Ne7 21.
Rc1 Nc6 22. Qd1 Qa5 23. a4 Rc8 24. Qd3 h6 25. Bc3 Ne7 26. Bb2 Rxc1+ 27. Bxc1
Qc7 28. Bd2 Bxd2 29. Qxd2 Nf5 30. h3 Kf8 31. Kf1 Ke8 32. Ke2 Kd7 33. Kd1 b6 34.
g4 Ne7 35. h4 Ng8 36. Ne1 f6 37. Qc2 fxe5 38. Qxc7+ Kxc7 39. dxe5 Ne7 40. h5
Kc6 41. Nd3 d4 42. Nf4 Kd7 43. Kd2 Nc6 44. Nd3 a5 45. f4 Ke7 46. f5 exf5 47.
gxf5 Kf7 48. Kc2 Ne7 49. Nb2 Nxf5 50. Kd3 Ne7 51. Kxd4 Ke6 52. Nc4 Nc8 53. Ke4
Kd7 54. Ne3 Ke6 55. Nd5 Kf7 56. Kf5 Ne7+ 57. Nxe7 Kxe7 58. Kg6 Ke6 59. Kxg7
Kxe5 60. Kxh6 Kf6 61. Kh7 Kf7 62. h6 Kf8 63. Kg6 Kg8 64. Kf6 Kh7 65. Ke6 Kxh6
66. Kd6 Kg6 67. Kc6 Kf6 68. Kxb6 Ke6 69. Kxa5 Kd7 70. Kb6 Kc8 71. Ka7 Kc7 72.
b4 Kc6 73. b5+ Kc5 74. b6 Kb4 75. b7 Kxa4 76. b8=Q Ka5 77. Qb6+ Ka4 78. Ka6 Ka3
79. Qb1 Ka4 80. Kb6 Ka3 81. Kc5 Ka4 82. Qb4# 1-0

[Event "MCR mladeze 2014, H10"]
[Site "Kouty nad Desnou"]
[Date "2014.03.14"]
[Round "8"]
[White "Nemecek, Lukas"]
[Black "Mach, Petr"]
[Result "1/2-1/2"]
[WhiteElo "1281"]
[BlackElo "1290"]
[PlyCount "57"]
[EventDate "2014.??.??"]

1. e4 e5 2. Nf3 Nf6 3. d3 Nc6 4. Bg5 h6 5. Bxf6 Qxf6 6. c3 Bc5 7. Nbd2 d6 8. h3
Be6 9. Nb3 Bb6 10. a4 a5 11. Be2 O-O 12. O-O Rad8 13. d4 Bxb3 14. Qxb3 exd4 15.
cxd4 Nxd4 16. Nxd4 Qxd4 17. Bf3 Rfe8 18. Rad1 Qf6 19. Rd5 Qe6 20. Bg4 Qxe4 21.
Rf5 Qe6 22. Qf3 c6 23. Rb5 Qxg4 24. Qxg4 cxb5 25. axb5 d5 26. Rd1 d4 27. Qf3
Rd7 28. Kf1 Red8 29. Qd3 1/2-1/2

[Event "MCR mladeze 2014, H10"]
[Site "Kouty nad Desnou"]
[Date "2014.03.14"]
[Round "8"]
[White "Oplustil, Pavel"]
[Black "Hofman, Krystof"]
[Result "1/2-1/2"]
[WhiteElo "1382"]
[BlackElo "1320"]
[PlyCount "116"]
[EventDate "2014.03.08"]

1. e4 c5 2. Nf3 d6 3. d4 cxd4 4. Nxd4 Nf6 5. Nc3 g6 6. Be3 Bg7 7. f3 O-O 8. Qd2
Bd7 9. Bh6 Nc6 10. Nxc6 Bxc6 11. h4 a6 12. h5 Nxh5 13. g4 Ng3 14. Rh3 Nxf1 15.
Kxf1 Qd7 16. Bxg7 Kxg7 17. Qh6+ Kf6 18. Qf4+ Kg7 19. Kg2 Rh8 20. Rh6 e5 21. Qg5
b6 22. Qh4 Qb7 23. Rh1 Kg8 24. Nd5 Bxd5 25. exd5 Rc8 26. c3 Rc5 27. g5 f5 28.
c4 b5 29. b3 Qc7 30. Rc1 Rxd5 31. Rh1 Rd2+ 32. Kg3 f4+ 33. Kh3 bxc4 34. Rc1
Qd7+ 35. Qg4 Qxg4+ 36. Kxg4 Rg2+ 37. Kh3 Rg3+ 38. Kh4 Kg7 39. Rxc4 Rf8 40. Rc7+
Rf7 41. Rxf7+ Kxf7 42. Rxh7+ Ke6 43. Ra7 Rxf3 44. Rxa6 Rf2 45. Kh3 Rb2 46. Ra4
d5 47. b4 e4 48. Kg4 f3 49. Kg3 f2 50. Ra6+ Kf5 51. Rf6+ Kxg5 52. Rxf2 Rxb4 53.
Rg2 Kf5 54. Rf2+ Ke5 55. Rf8 Kd4 56. Rg8 Ra4 57. Rxg6 Rxa2 58. Rd6 {
necitelny zapis} e3 1/2-1/2

[Event "MCR mladeze 2014, H10"]
[Site "Kouty nad Desnou"]
[Date "2014.03.14"]
[Round "8"]
[White "Svanda, Adam"]
[Black "Janouch, Jachym Stepan"]
[Result "1-0"]
[WhiteElo "1367"]
[BlackElo "1270"]
[PlyCount "91"]
[EventDate "2014.03.08"]

1. c4 e6 2. Nc3 Nf6 3. g3 d5 4. cxd5 Nxd5 5. Bg2 b6 6. e4 Nxc3 7. bxc3 Bb7 8.
d4 c5 9. Ne2 Be7 10. O-O O-O 11. Be3 Nd7 12. Qd3 Nf6 13. e5 Bxg2 14. exf6 Bxf1
15. fxe7 Qxe7 16. Kxf1 cxd4 17. cxd4 Rfd8 18. f4 f6 19. Qe4 h6 20. Rc1 Rd7 21.
Qxa8+ Kf7 22. Qf3 a5 23. Qh5+ Kg8 24. Rc8+ Rd8 25. Rxd8+ Qxd8 26. Qb5 Kh7 27.
Qc6 e5 28. Qe6 exd4 29. Bxd4 b5 30. Qf5+ Kg8 31. Qe6+ Kh7 32. f5 b4 33. Qf7 a4
34. Bxf6 Qxf6 35. Qxf6 gxf6 36. Ke1 b3 37. axb3 axb3 38. Kd1 h5 39. Kc1 Kh6 40.
h4 Kg7 41. Kb2 Kf7 42. Kxb3 Ke7 43. Kc4 Kd6 44. Kd4 Kc6 45. Nf4 Kd6 46. Nxh5
1-0

[Event "MCR mladeze 2014, H10"]
[Site "Kouty nad Desnou"]
[Date "2014.03.14"]
[Round "8"]
[White "Prazak, Viktor"]
[Black "Frank, Adam"]
[Result "0-1"]
[WhiteElo "1354"]
[BlackElo "1417"]
[PlyCount "74"]
[EventDate "2014.03.08"]

1. e4 e5 2. Nf3 Nc6 3. Nc3 Nf6 4. Bb5 Bb4 5. O-O d6 6. Nd5 Bc5 7. d3 h6 8. h3
O-O 9. Qe2 Be6 10. Nxf6+ Qxf6 11. Bxc6 bxc6 12. Be3 Bb6 13. c3 Qg6 14. g4 h5
15. Nh2 hxg4 16. Nxg4 f5 17. exf5 Rxf5 18. Bxb6 axb6 19. Kh2 Rh5 20. f3 Qh7 21.
Qg2 Rf8 22. d4 exd4 23. cxd4 Bd5 24. Rae1 Rhf5 25. Re3 Rf4 26. Qe2 Rxd4 27. b3
Rdf4 28. Kg3 R4f5 29. Re8 Rh5 30. Qe7 Rxh3+ 31. Kg2 Rhxf3 32. Rxf8+ Rxf8+ 33.
Kg3 Rxf1 34. Qg5 Rf3+ 35. Kg2 Rf5+ 36. Kg3 Rxg5 37. a4 Qe4 0-1

[Event "MCR mladeze 2014, H10"]
[Site "Kouty nad Desnou"]
[Date "2014.03.15"]
[Round "9"]
[White "Gnojek, Petr"]
[Black "Skypala, Ondrej"]
[Result "1-0"]
[WhiteElo "1511"]
[BlackElo "1482"]
[PlyCount "47"]
[EventDate "2014.??.??"]

1. d4 Nf6 2. Nc3 g6 3. e4 d6 4. f3 Bg7 5. Be3 O-O 6. Qd2 Re8 7. g4 e5 8. d5 Bd7
9. O-O-O a6 10. h4 b5 11. h5 b4 12. Nb1 Kf8 13. Qxb4 Bb5 14. c4 c5 15. Qb3 Bxc4
16. Bxc4 Nbd7 17. hxg6 fxg6 18. Bh6 Bxh6+ 19. Rxh6 Nxg4 20. Rxh7 Qg5+ 21. Nd2
Ne3 22. Nh3 Qf6 23. Qxe3 Kg8 24. Rxd7 1-0

[Event "MCR mladeze 2014, H10"]
[Site "Kouty nad Desnou"]
[Date "2014.03.15"]
[Round "9"]
[White "Stalmach, Richard"]
[Black "Glozar, Petr"]
[Result "1-0"]
[WhiteElo "1529"]
[BlackElo "1526"]
[PlyCount "105"]
[EventDate "2014.??.??"]

1. d4 d5 2. c4 e6 3. Nc3 Nf6 4. Nf3 Nbd7 5. Bf4 dxc4 6. e4 Bb4 7. Qc2 c5 8. Rd1
Qa5 9. Bxc4 cxd4 10. Nxd4 Bxc3+ 11. bxc3 O-O 12. Bd6 Nxe4 13. Bxf8 Nxc3 14. Rd2
Nxf8 15. O-O b5 16. Bd3 Bb7 17. Nb3 Qc7 18. Rc1 Qc6 19. f3 b4 20. Kh1 Qb6 21.
Re1 a5 22. Bc4 Rc8 23. Qd3 Bd5 24. Bxd5 Nxd5 25. Rc2 Nf4 26. Qd2 Rxc2 27. Qxc2
h6 28. Qc5 Qxc5 29. Nxc5 Nd5 30. Nb3 a4 31. Nc5 Nc3 32. Kg1 Ng6 33. g3 Kf8 34.
Kf2 Ne7 35. Ke3 Ned5+ 36. Kd3 Ke7 37. Kc4 Kd8 38. h3 Ke7 39. g4 g5 40. Rh1 Kf6
41. Ne4+ Nxe4 42. fxe4 Nc3 43. Kxb4 Nxa2+ 44. Kc4 Ke5 45. Ra1 Kxe4 46. Rxa2 Kf3
47. Rxa4 Kg3 48. Ra3+ Kh4 49. Kd4 f5 50. gxf5 exf5 51. Ke5 f4 52. Kf5 h5 53.
Rb3 1-0

[Event "MCR mladeze 2014, H10"]
[Site "Kouty nad Desnou"]
[Date "2014.03.15"]
[Round "9"]
[White "Neumann, Filip"]
[Black "Barak, David"]
[Result "1/2-1/2"]
[WhiteElo "1333"]
[BlackElo "1273"]
[PlyCount "109"]
[EventDate "2014.??.??"]

1. e4 c5 2. c4 Nc6 3. Nc3 g6 4. Nf3 Bg7 5. Be2 d6 6. O-O Nf6 7. d3 O-O 8. Be3
Bg4 9. h3 Bxf3 10. Bxf3 Qd7 11. Qd2 Ne5 12. Be2 Rfd8 13. Bh6 Nc6 14. Bxg7 Kxg7
15. f4 h6 16. Rae1 Rh8 17. b3 Rae8 18. Rf2 b6 19. Qb2 Kg8 20. Rf3 Rh7 21. Rg3
Rg7 22. Rf1 Kh7 23. h4 Reg8 24. Kh2 Qc8 25. Qa1 Qd7 26. Qd1 Nd4 27. Bg4 Nxg4+
28. Qxg4 Qxg4 29. Rxg4 e6 30. Rg3 h5 31. Re3 Re8 32. Ree1 Rgg8 33. Ne2 Nxe2 34.
Rxe2 a5 35. Ref2 f5 36. Kh3 Rgf8 37. g3 Ra8 38. a4 Rf7 39. Re1 Rf6 40. Rfe2 Re8
41. Kg2 Kg7 42. Rd1 Rf7 43. d4 Rd7 44. dxc5 bxc5 45. Red2 Red8 46. e5 d5 47.
cxd5 Rxd5 48. Rxd5 Rxd5 49. Rc1 Kf7 50. Kf3 Ke7 51. Ke3 Kd7 52. Rc3 Kc6 53. Rd3
Rxd3+ 54. Kxd3 Kd5 55. Ke3 1/2-1/2

[Event "MCR mladeze 2014, H10"]
[Site "Kouty nad Desnou"]
[Date "2014.03.15"]
[Round "9"]
[White "Tajovsky, Matej"]
[Black "Nytra, Ondrej"]
[Result "0-1"]
[WhiteElo "1447"]
[BlackElo "1448"]
[PlyCount "44"]
[EventDate "2014.??.??"]

1. e4 e5 2. Nf3 Nc6 3. d4 exd4 4. Nxd4 Nf6 5. Nc3 Bb4 6. Nxc6 bxc6 7. Bd3 d5 8.
exd5 cxd5 9. O-O O-O 10. Bg5 c6 11. Ne2 h6 12. Bh4 Bd6 13. Bg3 c5 14. c4 d4 15.
Bc2 Rb8 16. Qd3 Rxb2 17. Bb3 Re8 18. Bxd6 Qxd6 19. Ng3 g6 20. Qd1 Qf4 21. Re1
Qxf2+ 22. Kh1 Qxg2# 0-1

[Event "MCR mladeze 2014, H10"]
[Site "Kouty nad Desnou"]
[Date "2014.03.15"]
[Round "9"]
[White "Jun, Rudolf"]
[Black "Sebesta, Jan"]
[Result "0-1"]
[WhiteElo "1311"]
[BlackElo "1417"]
[PlyCount "164"]
[EventDate "2014.??.??"]

1. e4 d5 2. exd5 Qxd5 3. Nc3 Qa5 4. Bc4 Nf6 5. d4 Bg4 6. Nf3 Nc6 7. Be3 O-O-O
8. Qd2 e5 9. d5 Bb4 10. O-O Bxc3 11. Qxc3 Qxc3 12. bxc3 Nxd5 13. Ng5 Be6 14.
Nxe6 fxe6 15. Bd2 Rhe8 16. Rfe1 Nb6 17. Bd3 h6 18. Rad1 Nd5 19. Bg6 Re7 20. c4
Nf4 21. Bxf4 exf4 22. h3 Rxd1 23. Rxd1 Rd7 24. Bd3 g5 25. Kf1 Kd8 26. f3 Ke7
27. Ke1 Nb4 28. a3 Nxd3+ 29. cxd3 Kd6 30. d4 Kc6 31. Ke2 b5 32. Kd3 bxc4+ 33.
Kxc4 a5 34. Re1 Re7 35. Re5 Kb6 36. Rb5+ Ka6 37. Rc5 Kb6 38. Rb5+ Ka6 39. a4 c6
40. Rc5 Kb6 41. Kd3 Rd7 42. Ke4 Rd5 43. Rc2 c5 44. dxc5+ Rxc5 45. Ra2 Rd5 46.
Rb2+ Kc5 47. Rb5+ Kc4 48. Rb2 Kc3 49. Rb5 Rd4+ 50. Ke5 Rxa4 51. Kxe6 Ra2 52.
Kf6 Rxg2 53. Rxa5 Rg3 54. Kf5 Rxh3 55. Kg4 Rg3+ 56. Kf5 Kd3 57. Kg6 Rxf3 58.
Kxh6 g4 59. Kg5 g3 60. Kg4 g2 61. Ra3+ Kc4 62. Rxf3 g1=Q+ 63. Kxf4 Kd4 64. Kf5
Qc1 65. Rf4+ Kd5 66. Kg4 Ke5 67. Rf5+ Ke4 68. Rf8 Qg1+ 69. Kh3 Qg5 70. Re8+ Kf3
71. Rf8+ Ke2 72. Re8+ Kf1 73. Rf8+ Kg1 74. Rh8 Qg2+ 75. Kh4 Qh2+ 76. Kg5 Qxh8
77. Kf4 Qe8 78. Kf5 Qe7 79. Kg4 Qf6 80. Kh3 Qg6 81. Kh4 Kf2 82. Kh3 Qg3# 0-1

[Event "MCR mladeze 2014, H10"]
[Site "Kouty nad Desnou"]
[Date "2014.03.15"]
[Round "9"]
[White "Pribyl, Viktor"]
[Black "Mica, Marek"]
[Result "1/2-1/2"]
[WhiteElo "1482"]
[BlackElo "1369"]
[PlyCount "56"]
[EventDate "2014.??.??"]

1. d4 d5 2. c4 c6 3. Nf3 Nf6 4. Nc3 e6 5. Bg5 Nbd7 6. e3 Qa5 7. Qc2 Bb4 8. Rc1
h6 9. Bh4 O-O 10. Bd3 b6 11. O-O Bxc3 12. Qxc3 Qxc3 13. Rxc3 Bb7 14. b4 Rac8
15. c5 b5 16. Nd2 a6 17. Nb3 Rfe8 18. f4 g6 19. Na5 Ba8 20. Rf3 Kg7 21. Rc1 Kf8
22. Rcf1 Ne4 23. Bxe4 dxe4 24. R3f2 f5 25. h3 Kf7 26. a3 Nf6 27. Bxf6 Kxf6 28.
h4 h5 1/2-1/2

[Event "MCR mladeze 2014, H10"]
[Site "Kouty nad Desnou"]
[Date "2014.03.15"]
[Round "9"]
[White "Frank, Adam"]
[Black "Vojta, Jakub"]
[Result "1-0"]
[WhiteElo "1417"]
[BlackElo "1328"]
[PlyCount "97"]
[EventDate "2014.??.??"]

1. e4 d5 2. exd5 Nf6 3. d4 Nxd5 4. Nf3 Bg4 5. h3 Bh5 6. c4 Nb6 7. Nc3 Nc6 8. g4
Bg6 9. d5 Nb4 10. Nd4 e5 11. Nf5 Bxf5 12. gxf5 Qh4 13. Be3 Nxc4 14. Bxc4 Qxc4
15. Qa4+ c6 16. dxc6 bxc6 17. a3 Nd3+ 18. Kd2 Nxb2 19. Qxc4 Nxc4+ 20. Kd3 Nxa3
21. Ke4 f6 22. Rhc1 Kd7 23. Nb1 Nb5 24. Nc3 Nxc3+ 25. Rxc3 g6 26. Rxa7+ Rxa7
27. Bxa7 g5 28. Rb3 Kc7 29. Bb6+ Kd7 30. Rd3+ Kc8 31. Rd8+ Kb7 32. Bc5 Bxc5 33.
Rxh8 Bxf2 34. Rxh7+ Kb6 35. Rf7 Bg3 36. Rxf6 Kb5 37. Rg6 c5 38. Rxg5 Bf4 39.
Rg6 c4 40. f6 c3 41. Kd3 Kb4 42. f7 e4+ 43. Kc2 e3 44. f8=Q+ Kc4 45. Qxf4+ Kc5
46. Rg5+ Kc6 47. Qf6+ Kc7 48. Rg7+ Kc8 49. Qf8# 1-0

[Event "MCR mladeze 2014, H10"]
[Site "Kouty nad Desnou"]
[Date "2014.03.15"]
[Round "9"]
[White "Hofman, Krystof"]
[Black "Nemecek, Lukas"]
[Result "1-0"]
[WhiteElo "1320"]
[BlackElo "1281"]
[PlyCount "45"]
[EventDate "2014.??.??"]

1. e4 d5 2. exd5 Nf6 3. d4 Nxd5 4. c4 Nf6 5. Nc3 e6 6. Be3 c6 7. Bd3 Nbd7 8.
Nf3 Bb4 9. O-O Bxc3 10. bxc3 Nb6 11. Ne5 O-O 12. f4 Qc7 13. Qf3 Nfd7 14. Rab1
Rd8 15. Kh1 c5 16. Rf2 Nxe5 17. fxe5 f5 18. exf6 Rf8 19. Bf4 Qd7 20. Be5 cxd4
21. cxd4 gxf6 22. Bxf6 Qc7 23. Qg4+ 1-0

[Event "MCR mladeze 2014, H10"]
[Site "Kouty nad Desnou"]
[Date "2014.03.15"]
[Round "9"]
[White "Hosnedl, Matyas"]
[Black "Mach, Petr"]
[Result "1-0"]
[WhiteElo "1343"]
[BlackElo "1290"]
[PlyCount "37"]
[EventDate "2014.03.08"]

1. e4 e5 2. Bc4 Nf6 3. d3 Nc6 4. Nc3 h6 5. f4 Bb4 6. Bd2 d6 7. Nf3 Bg4 8. O-O
O-O 9. h3 Bh5 10. Qe1 Bc5+ 11. Kh1 exf4 12. Bxf4 Bg6 13. a3 Re8 14. Qg3 Kf8 15.
Nh4 Bh7 16. Ne2 Re7 17. Bxh6 gxh6 18. Rxf6 Ne5 19. Rxh6 1-0

[Event "MCR mladeze 2014, H10"]
[Site "Kouty nad Desnou"]
[Date "2014.03.15"]
[Round "9"]
[White "Janouch, Jachym Stepan"]
[Black "Oplustil, Pavel"]
[Result "1-0"]
[WhiteElo "1270"]
[BlackElo "1382"]
[PlyCount "47"]
[EventDate "2014.03.08"]

1. e4 c5 2. Nf3 d6 3. d4 cxd4 4. Nxd4 Nf6 5. Nc3 g6 6. Bc4 Bg7 7. O-O Nxe4 8.
Nxe4 d5 9. Bb5+ Bd7 10. Bxd7+ Qxd7 11. Nc3 Nc6 12. Nf3 e6 13. Re1 O-O 14. Bf4
Rfe8 15. Qd2 Rad8 16. Bh6 Bh8 17. Rad1 Ne7 18. Ne5 Qd6 19. Bf4 Qb6 20. Qe2 Qxb2
21. Nxf7 Qxc3 22. Nxd8 Qg7 23. Qxe6+ Kf8 24. Bh6 1-0

[Event "MCR mladeze 2014, H10"]
[Site "Kouty nad Desnou"]
[Date "2014.03.15"]
[Round "9"]
[White "Faja, Vilem"]
[Black "Prazak, Viktor"]
[Result "0-1"]
[WhiteElo "1382"]
[BlackElo "1354"]
[PlyCount "78"]
[EventDate "2014.03.08"]

1. d4 d5 2. Nf3 Nf6 3. e3 Bf5 4. Bd3 Bxd3 5. Qxd3 e6 6. b3 c5 7. O-O Nc6 8. Bb2
Bd6 9. Nbd2 O-O 10. Ne5 cxd4 11. exd4 Qc7 12. f4 Nb4 13. Qh3 Qxc2 14. Bc3 Rac8
15. Rfc1 Qf5 16. g4 Qxf4 17. Rf1 Qg5 18. Kh1 Nc6 19. Ndf3 Qe3 20. Rac1 Bxe5 21.
Rfe1 Qd3 22. Red1 Qg6 23. dxe5 Qxg4 24. Qxg4 Nxg4 25. Rd2 Ngxe5 26. Bxe5 Nxe5
27. Rxc8 Nxf3 28. Rxf8+ Kxf8 29. Rc2 d4 30. Rc1 e5 31. Kg2 e4 32. Rc8+ Ke7 33.
Rc7+ Kf6 34. Rxb7 d3 35. Rxa7 d2 36. Rd7 Ke6 37. Rd8 g5 38. a4 Ke5 39. Kf2 Nd4
0-1

[Event "MCR mladeze 2014, H12"]
[Site "Kouty nad Desnou"]
[Date "2014.03.08"]
[Round "1"]
[White "Riha, Vojtech"]
[Black "Svanda, Ondrej"]
[Result "1-0"]
[WhiteElo "1526"]
[BlackElo "1756"]
[PlyCount "95"]
[EventDate "2014.??.??"]

1. d4 Nf6 2. c4 e6 3. Nf3 Bb4+ 4. Bd2 Bxd2+ 5. Nbxd2 b6 6. e4 d5 7. Bd3 Bb7 8.
Qe2 O-O 9. O-O Nfd7 10. Rfe1 c5 11. exd5 exd5 12. Qe7 Nc6 13. Qxd8 Raxd8 14.
cxd5 Nxd4 15. Nxd4 cxd4 16. Nf3 Nf6 17. Bc4 Bxd5 18. Bxd5 Rxd5 19. Rad1 Rfd8
20. h3 h6 21. Re7 Ra5 22. a3 Rb5 23. Rxd4 Rxd4 24. Nxd4 Rxb2 25. Rxa7 Rb1+ 26.
Kh2 Rb2 27. Kg1 Rb1+ 28. Kh2 Nd5 29. Ra8+ Kh7 30. Ra7 Kg6 31. Rd7 Nf6 32. Rd6
Rd1 33. Nb5 Rxd6 34. Nxd6 Nd5 35. Kg3 Kf6 36. Ne8+ Kg6 37. Nd6 Nc3 38. Nc4 b5
39. Nd6 f5 40. Kf4 Kf6 41. Ke3 Nd5+ 42. Kd4 b4 43. axb4 Nxb4 44. g3 Nc6+ 45.
Kd5 Ne7+ 46. Kd4 g5 47. Nb7 Nc6+ 48. Ke3 1-0

[Event "MCR mladeze 2014, H12"]
[Site "Kouty nad Desnou"]
[Date "2014.03.08"]
[Round "1"]
[White "Skalsky, Alexandr"]
[Black "Vraj, Ondrej"]
[Result "1-0"]
[WhiteElo "1746"]
[BlackElo "1509"]
[PlyCount "49"]
[EventDate "2014.??.??"]

1. e4 d5 2. exd5 Qxd5 3. Nc3 Qa5 4. d4 c6 5. Nf3 Nf6 6. Bc4 Bg4 7. h3 Bh5 8. g4
Bg6 9. Ne5 e6 10. h4 Bd6 11. Bf4 Qc7 12. Qe2 Nd5 13. Bxd5 cxd5 14. h5 Be4 15.
Nxe4 dxe4 16. Qxe4 f6 17. Nd3 Bxf4 18. Nxf4 e5 19. dxe5 Qxe5 20. Qxe5+ fxe5 21.
Ne6 Kd7 22. Nxg7 Nc6 23. O-O-O+ Kc7 24. Rhe1 Rhg8 25. h6 1-0

[Event "MCR mladeze 2014, H12"]
[Site "Kouty nad Desnou"]
[Date "2014.03.08"]
[Round "1"]
[White "Halamicek, Radek"]
[Black "Haase, Pavel"]
[Result "1/2-1/2"]
[WhiteElo "1491"]
[BlackElo "1700"]
[PlyCount "33"]
[EventDate "2014.??.??"]

1. e4 e6 2. d4 d5 3. Nd2 Nf6 4. Bd3 c5 5. c3 Nc6 6. Ngf3 cxd4 7. cxd4 Bb4 8. e5
Nd7 9. O-O h6 10. Nb3 O-O 11. Bd2 Be7 12. Rc1 Nb4 13. Bb1 a5 14. a3 Nc6 15. Qc2
f5 16. exf6 Nxf6 17. Bxh6 1/2-1/2

[Event "MCR mladeze 2014, H12"]
[Site "Kouty nad Desnou"]
[Date "2014.03.08"]
[Round "1"]
[White "Sykora, Marek"]
[Black "Broz, Petr"]
[Result "1-0"]
[WhiteElo "1674"]
[BlackElo "1491"]
[PlyCount "81"]
[EventDate "2014.??.??"]

1. e4 c5 2. c3 d5 3. exd5 Qxd5 4. d4 Nf6 5. Nf3 Bg4 6. Be2 e6 7. O-O Be7 8. Be3
cxd4 9. Nxd4 Bxe2 10. Qxe2 Nc6 11. Rd1 Rd8 12. Nd2 O-O 13. N2f3 Nxd4 14. Nxd4
Qe5 15. h3 Bc5 16. Qf3 Qe4 17. Qxe4 Nxe4 18. Nc2 Bxe3 19. Nxe3 Rd2 20. Rxd2
Nxd2 21. Rd1 Rd8 22. f3 f5 23. Kf2 f4 24. Nc4 Ne4+ 25. Ke1 Rxd1+ 26. Kxd1 Nc5
27. Kd2 Kf7 28. b4 Nd7 29. Nd6+ Kf6 30. Nxb7 Ne5 31. Na5 Kg5 32. c4 Kh4 33. Ke2
Kg3 34. Kf1 Nd3 35. a3 Ne5 36. c5 Nd7 37. c6 Nb6 38. c7 Nc8 39. b5 Kh4 40. Nc6
Kg5 41. Nxa7 1-0

[Event "MCR mladeze 2014, H12"]
[Site "Kouty nad Desnou"]
[Date "2014.03.08"]
[Round "1"]
[White "Ocko, Dominik"]
[Black "Martirosyan, Ara"]
[Result "1/2-1/2"]
[WhiteElo "1490"]
[BlackElo "1659"]
[PlyCount "63"]
[EventDate "2014.??.??"]

1. e4 c5 2. Nf3 Nc6 3. d4 cxd4 4. Nxd4 g6 5. Nc3 Bg7 6. Be3 Nf6 7. Qd2 O-O 8.
f3 Ne5 9. Be2 d5 10. exd5 Nxd5 11. Nxd5 Qxd5 12. Nb3 Qxd2+ 13. Bxd2 Bf5 14.
O-O-O Rac8 15. c3 Bd3 16. Rhe1 b5 17. Bf4 Bxe2 18. Rxe2 Nc6 19. Kb1 e5 20. Be3
a5 21. Red2 a4 22. Nc5 Na5 23. Rd5 Nc4 24. Bf2 Rfe8 25. Ne4 f5 26. Nd6 Nxd6 27.
Rxd6 e4 28. fxe4 Rxe4 29. Rd8+ Re8 30. Rxc8 Rxc8 31. Rd5 Rb8 32. Kc2 1/2-1/2

[Event "MCR mladeze 2014, H12"]
[Site "Kouty nad Desnou"]
[Date "2014.03.08"]
[Round "1"]
[White "Nehyba, Martin"]
[Black "Kopec, Ladislav"]
[Result "1-0"]
[WhiteElo "1629"]
[BlackElo "1456"]
[PlyCount "111"]
[EventDate "2014.??.??"]

1. e4 c5 2. Nf3 d6 3. d4 cxd4 4. Nxd4 Nf6 5. Nc3 a6 6. f3 e6 7. Be3 Be7 8. Qd2
b5 9. g4 b4 10. Nce2 h6 11. Ng3 a5 12. Bb5+ Bd7 13. Bxd7+ Qxd7 14. h4 Nc6 15.
h5 Nh7 16. O-O-O Ng5 17. f4 Nh7 18. Kb1 Rd8 19. c3 d5 20. e5 f6 21. Qd3 Nf8 22.
Qb5 Nxd4 23. Qxd7+ Nxd7 24. Bxd4 fxe5 25. fxe5 O-O 26. Rhf1 Rc8 27. Ne2 Rxf1
28. Rxf1 bxc3 29. Bxc3 Rc4 30. Nf4 Rc6 31. Ng6 Bg5 32. Bxa5 Rc8 33. Bd2 Bd8 34.
Rc1 Rb8 35. Rc6 Rb6 36. Rxb6 Bxb6 37. a4 Nc5 38. a5 Ba7 39. b4 Nb3 40. Kc2 Nd4+
41. Kd3 Nc6 42. b5 Nd8 43. b6 Bb8 44. a6 Nc6 45. Ne7+ Nxe7 46. a7 Bxa7 47. bxa7
Kf7 48. a8=Q g6 49. hxg6+ Nxg6 50. Bxh6 Nxe5+ 51. Ke2 Nxg4 52. Qf8+ Kg6 53.
Qg7+ Kf5 54. Qg5+ Ke4 55. Qxg4+ Ke5 56. Qf4# 1-0

[Event "MCR mladeze 2014, H12"]
[Site "Kouty nad Desnou"]
[Date "2014.03.09"]
[Round "2"]
[White "Demko, Robert"]
[Black "Skalsky, Alexandr"]
[Result "1/2-1/2"]
[WhiteElo "1576"]
[BlackElo "1746"]
[PlyCount "45"]
[EventDate "2014.??.??"]

1. d4 d5 2. c4 dxc4 3. e4 e5 4. d5 c6 5. Bxc4 Nf6 6. Nc3 Bb4 7. Bg5 Qa5 8. Bd2
b5 9. Bb3 Bb7 10. Nge2 Nbd7 11. Qc2 O-O 12. O-O Rac8 13. Qb1 cxd5 14. exd5 Rfe8
15. a3 Bc5 16. Qd1 Qb6 17. Rc1 a6 18. Ng3 Red8 19. Nge4 Ne8 20. Bg5 f6 21. Bd2
Nd6 22. Nxc5 Nxc5 23. Be3 1/2-1/2

[Event "MCR mladeze 2014, H12"]
[Site "Kouty nad Desnou"]
[Date "2014.03.09"]
[Round "2"]
[White "Ludvik, Tomas"]
[Black "Sykora, Marek"]
[Result "0-1"]
[WhiteElo "1548"]
[BlackElo "1674"]
[PlyCount "86"]
[EventDate "2014.??.??"]

1. d4 Nf6 2. c4 e6 3. Nc3 d5 4. Bg5 c6 5. e3 Nbd7 6. Nf3 Be7 7. Rc1 O-O 8. Bd3
dxc4 9. Bxc4 Nd5 10. Bxe7 Qxe7 11. O-O N7f6 12. Re1 Rd8 13. e4 Nxc3 14. bxc3 b5
15. Bd3 Bb7 16. Qe2 Nd7 17. e5 Nf8 18. h3 a6 19. Qe3 Rac8 20. Ng5 c5 21. Ne4
cxd4 22. cxd4 Bxe4 23. Bxe4 Qa7 24. Rxc8 Rxc8 25. Qd3 Rd8 26. d5 exd5 27. Bxd5
Qe7 28. Qb3 Ne6 29. Rd1 Kf8 30. Qf3 Nc7 31. Bb7 Rxd1+ 32. Qxd1 Qxe5 33. Qd8+
Ne8 34. Bxa6 Qe1+ 35. Kh2 Qxf2 36. Bxb5 Qf4+ 37. Kh1 Qc1+ 38. Kh2 Qf4+ 39. Kg1
Qe3+ 40. Kh1 Qe1+ 41. Kh2 Qe5+ 42. Kh1 Qxb5 43. Kh2 Qe5+ 0-1